banner koha

O PROALCOOL e o PROESTE, e as transformacoes nas areas canavieiras do estado de Sao Paulo [Programa Nacional do Alcool, Plano de Desenvolvimento do Oeste do Estado de Sao Paulo, Brasil] (Registro n. 315979)

MARC details
000 -LÍDER
campo de controle de tamanho fixo 01256naa a22003257a 4500
001 - NÚMERO DE CONTROLE
campo de controle BR8302704
003 - IDENTIFICADOR DO NÚMERO DE CONTROLE
campo de controle BR-BrBNA
005 - DATA E HORÁRIO DA ÚLTIMA TRANSAÇÃO
campo de controle 20240918175258.0
007 - CAMPO FIXO DE DESCRIÇÃO FÍSICA--INFORMAÇÃO GERAL
campo de controle de tamanho fixo ta
008 - CAMPO DE DADOS FIXOS--INFORMAÇÃO GERAL
campo de controle de tamanho fixo 230509b bl.||||| |||| 00| 0 por d
040 ## - FONTE DA CATALOGAÇÃO
Instituição da catalogação original BR-BrBNA
Idioma da catalogação por
Instituição que transcreveu o registro Biblioteca Nacional de Agricultura
041 ## - CÓDIGO DE IDIOMA
Código do idioma do texto/trilha sonora ou título diferente (Pt)
072 ## - CÓDIGO DE CATEGORIA DE ASSUNTO
Código de Categoria de Assunto E10; P05
Código do objeto 0230
-- 8961
-- G514
090 ## - NÚMERO DE CHAMADA LOCAL
Número de chamada E10 BR8302704
100 1# - ENTRADA PRINCIPAL--NOME PESSOAL
Nome pessoal Ferreira, E.R.
100 1# - ENTRADA PRINCIPAL--NOME PESSOAL
Nome pessoal Bray, S.C.
111 1# - ENTRADA PRINCIPAL--NOME DO EVENTO
Nome do evento ou lugar 4. Encontro Nacional de Geografia Agraria
Local do evento Uberlandia, MG (Brazil)
Data do evento ou assinatura do tratado 4-8 Dec 1983
245 1# - TÍTULO
Título O PROALCOOL e o PROESTE, e as transformacoes nas areas canavieiras do estado de Sao Paulo [Programa Nacional do Alcool, Plano de Desenvolvimento do Oeste do Estado de Sao Paulo, Brasil]
260 3# - PUBLICAÇÃO, DISTRIBUIÇÃO, ETC.
Local de publicação, distribuição, etc. Uberlandia, MG (Brasil):
Data da publicação, distribuição, etc. 1983.
500 ## - NOTA GERAL
Nota geral Comunicacoes do 4. Encontro Nacional de Geografia Agraria<br/>Uberlandia, MG (Brasil): 1983. p. 46-52<br/>(BR8302704-AM)E10<br/>
650 ## - ASSUNTO--TERMO TÓPICO
Cabeçalho tópico ou nome geográfico CANA DE ACUCAR
650 ## - ASSUNTO--TERMO TÓPICO
Cabeçalho tópico ou nome geográfico ALCOOL
650 ## - ASSUNTO--TERMO TÓPICO
Cabeçalho tópico ou nome geográfico DESTILARIA
650 ## - ASSUNTO--TERMO TÓPICO
Cabeçalho tópico ou nome geográfico PRODUCAO
650 ## - ASSUNTO--TERMO TÓPICO
Cabeçalho tópico ou nome geográfico FINANCIAMENTO
650 ## - ASSUNTO--TERMO TÓPICO
Cabeçalho tópico ou nome geográfico SAO PAULO
773 0# - ENTRADA ANALÍTICA
Título Comunicacoes do 4. Encontro Nacional de Geografia Agraria
Número de controle do registro E10 BR8302704
Partes relacionadas Uberlandia, MG (Brasil), 1983. p. 46-52
909 ## -
-- 202404
-- Lucia
-- 55
-- Lucia Elande
942 ## - ELEMENTOS DE ENTRADA ADICIONADOS (KOHA)
Tipo de material Koha Capítulo-Livro
Fonte da classificação ou esquema de arquivamento na estante Classificação AGRIS
Exemplares
Situação do descarte Fonte da classificação ou esquema de arquivamento na estante Situação física Não pode ser emprestado Coleção Biblioteca de origem Biblioteca atual Localização na estante Total de empréstimos Número de telefone completo Data de último acesso Número do exemplar Tipo de material Koha Situação das perdas Data de aquisição Fonte de aquisição
  Classificação AGRIS       Biblioteca Nacional de Agricultura - Binagri Biblioteca Nacional de Agricultura - Binagri Agrobase - Acervo Geral   E15 BR8302698 20/05/2024 01 Capítulo-Livro   2024-04-11 Portaria Interministerial nº 164/94

BINAGRI

Telefone: (61)3218-2567/2388/3357/2097 - binagri@agro.gov.br

Ministério da Agricultura e Pecuária , Esplanada dos Ministérios, Bloco D, Anexo B, Brasília/DF, CEP: 70.043-900